| 000 | 00363nam a22001457a 4500 | ||
|---|---|---|---|
| 003 | macl | ||
| 005 | 20180412130246.0 | ||
| 008 | 180412b xxu||||| |||| 00| 0 eng d | ||
| 040 | _cmacl | ||
| 100 |
_aMahesh Rangarajan _971979 |
||
| 245 | _aIndia's Environmental Histoy | ||
| 260 |
_aNew Delhi _bpermanent Black _c2012 |
||
| 650 |
_aEnv. _971980 |
||
| 942 |
_2ddc _cBK |
||
| 999 |
_c57692 _d57692 |
||